| 000 | 00629nam a2200229Ia 4500 | ||
|---|---|---|---|
| 003 | OSt | ||
| 005 | 20221007072214.0 | ||
| 006 | a|||||r|||| 00| 0 | ||
| 007 | ta | ||
| 008 | 221006b |||||||| |||| 00| 0 eng d | ||
| 024 | _a46,176 | ||
| 037 | _cTextual | ||
| 040 |
_aFLL _cFLL _beng |
||
| 041 |
_2eng _aeng |
||
| 082 | _aW:5, Q9 | ||
| 100 |
_aSCHIPPERS Birgit Ed. _9690261 |
||
| 245 | 0 | _aCritical perspectives on human rights | |
| 260 |
_aLondon _bRowman & Littlefield International UK _c2019 |
||
| 300 |
_a252p. xxi _ccm. |
||
| 942 |
_hW:5, Q9 _cTEXL _2CC |
||
| 999 |
_c1145435 _d1145435 |
||